Las acciones posesorias.
Saved in:
| Main Author: | |
|---|---|
| Other Authors: | |
| Format: | Unknown |
| Language: | English |
| Published: |
Santiago, Chile:
Thomson Reuters,
2022.
|
| Edition: | 1a.edición |
| Series: | Monografías
|
| Subjects: | |
| Tags: |
Add Tag
No Tags, Be the first to tag this record!
|
MARC
| LEADER | 00000 a2200000 4500 | ||
|---|---|---|---|
| 003 | CL-VaPUC | ||
| 005 | 20241023134350.0 | ||
| 008 | 221123t2022 ||||| |||| 00| 0 eng d | ||
| 999 | |c 439495 |d 439493 | ||
| 020 | |a 978-956-400-294-1 | ||
| 040 | |c Pontificia Universidad Católica de Valparaíso | ||
| 082 | |2 22 |a 346.043 HID 2022 | ||
| 100 | |a Hidalgo Muñoz, Carlos |9 870736 |e autor | ||
| 245 | |a Las acciones posesorias. | ||
| 250 | |a 1a.edición | ||
| 260 | |a Santiago, Chile: |b Thomson Reuters, |c 2022. | ||
| 300 | |a 270 páginas. | ||
| 440 | |a Monografías |9 856527 | ||
| 583 | |k GC |c 20221123 | ||
| 650 | 0 | |9 258243 |a Derecho privado |x Propiedad |z Chile | |
| 650 | 0 | |9 359521 |a Bienes inmuebles |x Posesión |x Legislación |z Chile | |
| 650 | 0 | |9 599749 |a Acciones posesorias |x Código civil |z Chile | |
| 700 | |a Peñailillo Arévalo, Daniel Osvaldo |e prólogo |9 892682 | ||
| 942 | |2 ddc |c BK | ||
| 952 | |0 0 |1 0 |2 ddc |4 0 |6 346_043000000000000_HID_2022 |7 0 |8 A |9 587862 |a BIBDER |b BIBDER |c GEN |d 2022-11-22 |e 31 |g 0.00 |i 5655721 |l 2 |o 346.043 HID 2022 |p 5655721 |r 2024-05-06 |s 2024-05-06 |t 1 |v 0.00 |w 2022-11-22 |y BK |k DER | ||